Labyrinthus creditorum concurrentium ad litem, per debitorem communem, inter illos causatam. Pars quarta et ultima. Opus posthumum ex ipso authoris intricatissimo autographo, non sine ingenti labore, & multa industria erutum, lucique vindicatum. Huic accessit Tractatus de libertate beneficiorum & capellaniarum recuperanda, ab eodem authore aliàs concinnatus / D. Francisci Salgado de Somoza in Regali Cancellaria

Detalles Bibliográficos
Autor principal: Salgado de Somoza, Francisco, 1595-1665
Formato: Libro
Lenguaje:Latin
Publicado: Lugduni : apud Anissonios, & Joannem Posuel, 1683.
Edición:Nunc secundùm in lucem prodit, cum indicibus necessariis
Materias:
Colección:Banco de datos
Acervo:Fondo Antiguo José Gutiérrez Casillas. S.J. de la Biblioteca Eusebio F. Kino. de la Provincia Mexicana de la Compañía de Jesús
Descripción Física:[6] h., 174 p., [21] h. ; [2] h., 72 p., [7] h. ; f°
Tema general:Derecho eclesiástico
Notas:Portada a dos tintas con empresa tipográfica del impresor en grabado xilográfico. Texto a dos columnas con paginación en números arábigos, cornisas, titulillos, signaturas y reclamos. Incluye cabeceras de título y letras capitulares con motivos florales en grabado xilográfico. Encuadernación en piel sobre cartón. La segunda obra, con portada, paginación y signaturas propias. Sello en tinta de la Residentia Angelorum S.I. IHS Mexici. Sello en tinta de la Biblioteca Collegii Maximi Prov. Mexicanae S. I. Sello troquelado de Julián Castro y Gómez. Daños en la encuadernación
LEADER 02208nam a22002170004500
035 |a 263 
041 0 |a lat 
100 1 |a Salgado de Somoza, Francisco, 1595-1665 
245 1 0 |a Labyrinthus creditorum concurrentium ad litem, per debitorem communem, inter illos causatam. Pars quarta et ultima. Opus posthumum ex ipso authoris intricatissimo autographo, non sine ingenti labore, & multa industria erutum, lucique vindicatum. Huic accessit Tractatus de libertate beneficiorum & capellaniarum recuperanda, ab eodem authore aliàs concinnatus / D. Francisci Salgado de Somoza in Regali Cancellaria 
250 |a Nunc secundùm in lucem prodit, cum indicibus necessariis  
260 |a Lugduni : apud Anissonios, & Joannem Posuel, 1683.  
300 |a [6] h., 174 p., [21] h. ; [2] h., 72 p., [7] h. ; f° 
500 |a Portada a dos tintas con empresa tipográfica del impresor en grabado xilográfico. Texto a dos columnas con paginación en números arábigos, cornisas, titulillos, signaturas y reclamos. Incluye cabeceras de título y letras capitulares con motivos florales en grabado xilográfico. Encuadernación en piel sobre cartón. La segunda obra, con portada, paginación y signaturas propias. Sello en tinta de la Residentia Angelorum S.I. IHS Mexici. Sello en tinta de la Biblioteca Collegii Maximi Prov. Mexicanae S. I. Sello troquelado de Julián Castro y Gómez. Daños en la encuadernación 
504 |a Al principio de cada obra está el índice de capítulos 
504 |a Esta obra es la continuación de los 2 tomos del Labyrinthus, que contienen las tres primeras partes de la obra 
505 0 0 |a Pars quarta caput. I-XVII.-- D. Francisco Salgado de Somoza In Regali Cancellaria Vallisoletana Senatoris, Tractaus de libertate beneficiorum et capellaniarum recuperanda; et quasipossessione praesentandi subvertenda. Opus non minus Praelatis Ecclesiasticis, quàm utriusque fori judicibus perutile. Cum indicibus articulorum & rerum notatu digniorum  
650 1 0 |a Derecho eclesiástico 
949 |a 00303  
942 |c KINO 
943 |g Fondo Antiguo José Gutiérrez Casillas. S.J. de la Biblioteca Eusebio F. Kino. de la Provincia Mexicana de la Compañía de Jesús 
999 |c 1093152  |d 1093152